header

Winning the White House, 2004 (Record no. 87039)

MARC details
000 -LEADER
fixed length control field 01355nam a2200349Ia 4500
082 04 - DEWEY DECIMAL CLASSIFICATION NUMBER
Classification number 324.973/0931
100 1# - MAIN ENTRY--AUTHOR NAME
Personal name McMahon, Kevin J.
245 10 - TITLE STATEMENT
Title Winning the White House, 2004
250 ## - EDITION STATEMENT
Edition statement 1st ed.
260 ## - PUBLICATION, DISTRIBUTION, ETC. (IMPRINT)
Place of publication New York :
Name of publisher Palgrave Macmillan,
Year of publication 2005.
300 ## - PHYSICAL DESCRIPTION
Number of Pages xiv, 223 p. :
Other physical details ill., maps.
650 #0 - SUBJECT ADDED ENTRY--TOPICAL TERM
Topical Term Presidents
Topical Term Presidents
856 40 - ELECTRONIC LOCATION AND ACCESS
Uniform Resource Identifier http://site.ebrary.com/lib/rucke/Doc?id=10135750

No items available.

© 2026 Rongo University
Contact us: librarian | system librarian | Rongo university